| 000 | 00352nam a2200145Ia 4500 | ||
|---|---|---|---|
| 008 | 230917s9999||||xx |||||||||||||| ||und|| | ||
| 040 |
_e160265 _aMAIN |
||
| 041 | _aEnglish | ||
| 082 | _a338.4791 A38I | ||
| 100 | _aAggarwal, Prateek | ||
| 245 | 0 | _aInternational tourism | |
| 260 |
_aDelhi _bReference Press _c2005 |
||
| 300 | _a336 p. | ||
| 942 | _cBK | ||
| 999 |
_c129889 _d129889 |
||